BCIS bulletin service (Record no. 92769)
[ view plain ]
| 000 -LEADER | |
|---|---|
| fixed length control field | 01624cam a2200421 4500 |
| 001 - CONTROL NUMBER | |
| control field | J2733 |
| 008 - FIXED-LENGTH DATA ELEMENTS--GENERAL INFORMATION | |
| fixed length control field | 090401t1994 xxu||||| |||| 00| 0 eng d |
| 035 ## - SYSTEM CONTROL NUMBER | |
| System control number | (Sirsi) u50903 |
| 041 ## - LANGUAGE CODE | |
| Language code of text/sound track or separate title | eng |
| 050 ## - LIBRARY OF CONGRESS CALL NUMBER | |
| Classification number | 692.5 |
| -- | 18 |
| 110 ## - MAIN ENTRY--CORPORATE NAME | |
| Corporate name or jurisdiction name as entry element | Building Cost Information Service |
| 9 (RLIN) | 1096 |
| 245 ## - TITLE STATEMENT | |
| Title | BCIS bulletin service |
| 260 ## - PUBLICATION, DISTRIBUTION, ETC. | |
| Place of publication, distribution, etc. | London |
| Name of publisher, distributor, etc. | BCIS |
| Date of publication, distribution, etc. | 1994- |
| 300 ## - PHYSICAL DESCRIPTION | |
| Extent | 8 |
| Type of unit | v. (loose-leaf) |
| Dimensions | 30cm. |
| 490 ## - SERIES STATEMENT | |
| Series statement | BCIS Bulletin Service |
| 505 ## - FORMATTED CONTENTS NOTE | |
| Formatted contents note | An introduction to the service |
| 505 ## - FORMATTED CONTENTS NOTE | |
| Formatted contents note | Indices and forecasts |
| 505 ## - FORMATTED CONTENTS NOTE | |
| Formatted contents note | Five year forecast |
| 505 ## - FORMATTED CONTENTS NOTE | |
| Formatted contents note | Surveys of tender prices |
| 505 ## - FORMATTED CONTENTS NOTE | |
| Formatted contents note | Special studies |
| 505 ## - FORMATTED CONTENTS NOTE | |
| Formatted contents note | Labour, hours and wages |
| 505 ## - FORMATTED CONTENTS NOTE | |
| Formatted contents note | Dayworks |
| 505 ## - FORMATTED CONTENTS NOTE | |
| Formatted contents note | Materials and equipment |
| 505 ## - FORMATTED CONTENTS NOTE | |
| Formatted contents note | Elemental analyses |
| 505 ## - FORMATTED CONTENTS NOTE | |
| Formatted contents note | News |
| 505 ## - FORMATTED CONTENTS NOTE | |
| Formatted contents note | Digests |
| 505 ## - FORMATTED CONTENTS NOTE | |
| Formatted contents note | Access to information |
| 520 ## - SUMMARY, ETC. | |
| Summary, etc. | A comprehensive guide to UK building costs from the Building Cost Information Service (BCIS). Updated by regular bulletins the service incorporates forecasts, indices, and surveys of costs together with elemental analyses. Each element of the service is catalogued seperately. |
| 520 ## - SUMMARY, ETC. | |
| Summary, etc. | This item is part of a subscription service and cannot be photocopied. Neither can be any part of it be read out over the phone. Please contact BCIS direct on +44 (0)20 7695 1500 for details. |
| 650 ## - SUBJECT ADDED ENTRY--TOPICAL TERM | |
| Topical term or geographic name entry element | BUILT ENVIRONMENT-BUILDING COSTS |
| 650 ## - SUBJECT ADDED ENTRY--TOPICAL TERM | |
| Topical term or geographic name entry element | BUILDING INDUSTRY |
| 650 ## - SUBJECT ADDED ENTRY--TOPICAL TERM | |
| Topical term or geographic name entry element | CONSTRUCTION INDUSTRY |
| 650 ## - SUBJECT ADDED ENTRY--TOPICAL TERM | |
| Topical term or geographic name entry element | CONSTRUCTION FORECASTS |
| 650 ## - SUBJECT ADDED ENTRY--TOPICAL TERM | |
| Topical term or geographic name entry element | CONSTRUCTION INDICATORS |
| 690 ## - LOCAL SUBJECT ADDED ENTRY--TOPICAL TERM (OCLC, RLIN) | |
| Topical term or geographic name as entry element | BUILT ENVIRONMENT-BUILDING COSTS |
| 942 ## - ADDED ENTRY ELEMENTS (KOHA) | |
| Suppress in OPAC | 0 |
| 948 ## - LOCAL PROCESSING INFORMATION (OCLC); SERIES PART DESIGNATOR (RLIN) | |
| c (OCLC) | 04/03/1997 |
| Withdrawn status | Lost status | Source of classification or shelving scheme | Damaged status | Not for loan | Home library | Current library | Shelving location | Date acquired | Total Checkouts | Full call number | Barcode | Date last seen | Copy number | Price effective from | Koha item type | Date last checked out |
|---|---|---|---|---|---|---|---|---|---|---|---|---|---|---|---|---|
| Dewey Decimal Classification | London | London | Enquiry desk | 11/01/1995 | ENQUIRY DESK | 30044667 | 06/08/2019 | 1 | 06/08/2019 | Reference material | ||||||
| Dewey Decimal Classification | London | London | Books | 17/07/2006 | 3 | 690.23 | 30071842 | 06/08/2019 | 1 | 06/08/2019 | Book | 06/09/2006 | ||||
| Dewey Decimal Classification | London | London | Books | 17/07/2006 | 3 | 690.23 | 30071846 | 06/08/2019 | 2 | 06/08/2019 | Book | 06/09/2006 |